Loading...
| Fine Arts - Other | 0 | 5 | 1 | 2 | 45 | 69 | 99.40 | 0 | 0 | 0.00 | 0.00 |
| Science - Physics | 0 | 4 | 1 | 2 | 35 | 88 | 98.50 | 0 | 0 | 0.00 | 0.00 |
| Painting/Sculpture | 0 | 3 | 0 | 1 | 30 | 85 | 107.67 | 0 | 0 | 0.00 | 0.00 |
| History - European | 0 | 3 | 0 | 1 | 30 | 92 | 98.00 | 0 | 0 | 0.00 | 0.00 |
| History - American | 0 | 3 | 1 | 2 | 25 | 94 | 97.00 | 0 | 0 | 0.00 | 0.00 |
| Literature - American | 0 | 3 | 1 | 0 | 25 | 60 | 87.00 | 0 | 0 | 0.00 | 0.00 |
| Fine Arts - Classical Music | 0 | 2 | 0 | 1 | 20 | 112 | 113.50 | 0 | 0 | 0.00 | 0.00 |
| Literature - European | 0 | 2 | 0 | 0 | 20 | 99 | 111.50 | 0 | 0 | 0.00 | 0.00 |
| Science - Biology | 0 | 2 | 0 | 0 | 20 | 66 | 67.50 | 1 | 2 | 0.00 | 0.00 |
| Mythology | 0 | 2 | 0 | 0 | 20 | 103 | 108.00 | 0 | 0 | 0.00 | 0.00 |
| Social Science | 0 | 2 | 0 | 0 | 20 | 88 | 90.50 | 0 | 0 | 0.00 | 0.00 |
| History - World | 0 | 2 | 0 | 0 | 20 | 45 | 60.00 | 0 | 0 | 0.00 | 0.00 |
| Religion | 0 | 2 | 1 | 0 | 15 | 82 | 84.00 | 0 | 0 | 0.00 | 0.00 |
| Current Events | 0 | 1 | 0 | 1 | 10 | 100 | 100.00 | 0 | 0 | 0.00 | 0.00 |
| Literature - British | 0 | 1 | 0 | 1 | 10 | 115 | 115.00 | 0 | 0 | 0.00 | 0.00 |
| Pop Culture | 0 | 1 | 0 | 0 | 10 | 30 | 30.00 | 0 | 1 | 0.00 | 0.00 |
| Science - Chemistry | 0 | 1 | 0 | 0 | 10 | 82 | 82.00 | 0 | 0 | 0.00 | 0.00 |
| Science - Other | 0 | 1 | 0 | 1 | 10 | 105 | 105.00 | 0 | 0 | 0.00 | 0.00 |
| Geography | 0 | 1 | 1 | 1 | 5 | 118 | 118.00 | 0 | 0 | 0.00 | 0.00 |
| Literature - World | 0 | 0 | 1 | 0 | -5 | 0.00 | 0 | 0 | 0.00 | 0.00 |